000
00285nam a22001337a 4500
008
210426b ||||| |||| 00| 0 eng d
041
_a
eng
080
_a
94
082
_a
94
100
_a
16
101
_a
SHH
245
_a
Vorgeschichte und Naturvolker
_c
Lommel,A
942
_2
udc
_c
BK
999
_c
56754
_d
56754